| 000 | 00755nam a2200241 a 4500 | ||
|---|---|---|---|
| 005 | 20240228063651.0 | ||
| 008 | 140821s2010 mx r 000 0 spa d | ||
| 020 | _a9786074695199 (SEP) | ||
| 020 | _a9786074004182 (Océano) | ||
| 035 | _aUPN01000199027 | ||
| 049 | _aI | ||
| 050 | 4 |
_aPZ75 _bO2.3 |
|
| 100 | 1 |
_aObiols, Anna, _d1975- _936176 |
|
| 245 | 1 | 0 |
_aCafé dulce, café amargo / _cAnna Obiols ; il. Subi. |
| 260 |
_aMéxico : _bSEP : _bOcéano, _c2010. |
||
| 300 |
_a[26] p. : _bprincipalmente il. col. |
||
| 440 | 0 |
_aLibros del rincón. _pPasos de luna |
|
| 650 | 4 |
_aLiteratura infantil española _95892 |
|
| 650 | 4 |
_aNIÑOS DE LA CALLE _91575 |
|
| 650 | 7 |
_aLibros ilustrados para niños _2 _921365 |
|
| 905 | _aInfantil | ||
| 999 |
_c171128 _d171128 |
||